000
00251nam a2200109Ia 4500
008
190216s9999||||xx |||||||||||||| ||und||
100
_a
Barbara Cartland
245
4
_a
The Unprediatable Bride
260
_b
Arow Books
650
_a
English
942
_c
BK
999
_c
12848
_d
12848